| 000 | 00520nam a2200169 i 4500 | ||
|---|---|---|---|
| 001 | 55973 | ||
| 003 | ES-MaACL | ||
| 005 | 20250912063040.0 | ||
| 007 | t| | ||
| 008 | 031001s1952 sp ||||1| spa d | ||
| 100 | 1 |
_aDíaz de la Jara, Jorge, _d1934- _9173700 |
|
| 245 | 1 | 0 |
_aAdolescencia _b: (estudio) / _cJorge Antonio Díaz de la Jara Alvarez. |
| 260 |
_aMadrid : _b[s.n.], _c1952 ( _fImp. Viuda Galo Sèz) |
||
| 300 |
_a55 p. ; _c17 cm. |
||
| 852 |
_aES-MaACL _j1945-F-13 _bR.32240 |
||
| 999 |
_c55973 _d55973 |
||